[Event "Narciso Yepes"]
[Site "Lorca ESP"]
[Date "2006.??.??"]
[Round "?"]
[White "Komljenovic, Davor"]
[Black "Spraggett, Kevin"]
[Result "1/2-1/2"]
[WhiteElo "2468"]
[BlackElo "2578"]
[PlyCount "56"]
[EventDate "2006.06.25"]
[EventType "swiss"]
[EventRounds "9"]
[EventCountry "ESP"]

1. d4 Nf6 2. c4 e6 3. Nf3 b6 4. Nc3 Bb7 5. a3 d5 6. cxd5 exd5 7. g3 Be7 8. Bg2
O-O 9. b4 c6 10. O-O Nbd7 11. Ne5 b5 12. Nd3 a5 13. Bd2 Qb6 14. e3 axb4 15.
axb4 Rxa1 16. Qxa1 Ra8 17. Qb2 Qa7 18. Nc5 Nb6 19. Rb1 Nc4 20. Qc1 Bc8 21. f3
Bf5 22. e4 Bg6 23. Be1 h6 24. h3 dxe4 25. fxe4 Nd7 26. Ne2 Nf6 27. Nc3 Nd7 28.
Ne2 Nf6 1/2-1/2

[Event "Narciso Yepes"]
[Site "Lorca ESP"]
[Date "2006.??.??"]
[Round "?"]
[White "Lafuente, Pablo"]
[Black "Spraggett, Kevin"]
[Result "0-1"]
[WhiteElo "2405"]
[BlackElo "2578"]
[PlyCount "68"]
[EventDate "2006.06.25"]
[EventType "swiss"]
[EventRounds "9"]
[EventCountry "ESP"]

1. d4 Nf6 2. c4 e6 3. g3 d5 4. Nf3 Be7 5. Bg2 O-O 6. O-O Nbd7 7. Qb3 c6 8. Bf4
a5 9. Nbd2 Nh5 10. Ne5 Nxe5 11. Bxe5 f6 12. Bf4 Nxf4 13. gxf4 Kh8 14. Nf3 Bd6
15. e3 Qe8 16. Kh1 Qh5 17. Qd1 Bd7 18. Rc1 Rae8 19. Ng1 Qh6 20. Bh3 g5 21. fxg5
fxg5 22. Qg4 Re7 23. Qg2 Ref7 24. Bg4 Qh4 25. Qh3 Rxf2 26. Qxh4 gxh4 27. Nf3
Rxf1+ 28. Rxf1 dxc4 29. Rc1 b5 30. Ng5 Be7 31. Bxe6 Be8 32. Nh3 Bg6 33. a4 Bb4
34. Rd1 Bc2 0-1

[Event "Narciso Yepes"]
[Site "Lorca ESP"]
[Date "2006.??.??"]
[Round "?"]
[White "Spraggett, Kevin"]
[Black "Claros Egea, Christian"]
[Result "1-0"]
[WhiteElo "2578"]
[BlackElo "2216"]
[PlyCount "63"]
[EventDate "2006.06.25"]
[EventType "swiss"]
[EventRounds "9"]
[EventCountry "ESP"]

1. e4 c5 2. Nf3 d6 3. d4 cxd4 4. Nxd4 Nf6 5. Nc3 a6 6. Bg5 e6 7. f4 Qb6 8. Qd2
Qxb2 9. Nb3 Nbd7 10. Bxf6 gxf6 11. Be2 Qa3 12. O-O Bg7 13. Rad1 O-O 14. Rf3 b5
15. Rg3 Kh8 16. Kh1 Rb8 17. Bh5 Qb4 18. Rh3 f5 19. exf5 exf5 20. a3 Qc4 21. Be2
Qc7 22. Nd5 Qa7 23. Na5 Qc5 24. Nb3 Qa7 25. Qe1 Re8 26. Qh4 h6 27. Nd4 Nf8 28.
Nf6 Rxe2 29. Qg5 Nh7 30. Rxh6 Bxf6 31. Qxf6+ Kg8 32. Qd8+ 1-0

[Event "Narciso Yepes"]
[Site "Lorca ESP"]
[Date "2006.??.??"]
[Round "?"]
[White "Spraggett, Kevin"]
[Black "Khamrakulov, Ibragim"]
[Result "1-0"]
[WhiteElo "2578"]
[BlackElo "2513"]
[PlyCount "89"]
[EventDate "2006.06.25"]
[EventType "swiss"]
[EventRounds "9"]
[EventCountry "ESP"]

1. e4 e6 2. d4 d5 3. Nc3 dxe4 4. Nxe4 Nd7 5. Nf3 Ngf6 6. Nxf6+ Nxf6 7. Be3 Be7
8. Bd3 O-O 9. O-O b6 10. Qe2 Bb7 11. Rad1 Qc8 12. c4 c5 13. dxc5 Bxc5 14. Ne5
Bxe3 15. Qxe3 Qc7 16. Rd2 Rac8 17. b4 g6 18. f4 Rfd8 19. Rfd1 Rd6 20. Be2 Rxd2
21. Qxd2 a5 22. a3 axb4 23. axb4 Ra8 24. Qd4 Ra2 25. Bf1 Kg7 26. Ng4 Qe7 27.
Nxf6 Qxf6 28. Qxb6 Ba8 29. Qd4 Qxd4+ 30. Rxd4 Kf6 31. b5 Ke7 32. Rd3 Be4 33.
Re3 f5 34. Rh3 h5 35. Rc3 Kd7 36. c5 Kc7 37. h4 Bd5 38. c6 Rb2 39. Ra3 Rb1 40.
Kf2 Rxf1+ 41. Kxf1 Bc4+ 42. Kf2 Bxb5 43. Rg3 Bxc6 44. Rxg6 Kd6 45. Rg8 1-0

[Event "Narciso Yepes"]
[Site "Lorca ESP"]
[Date "2006.??.??"]
[Round "?"]
[White "Tissir, Mohamed"]
[Black "Spraggett, Kevin"]
[Result "1/2-1/2"]
[WhiteElo "2439"]
[BlackElo "2578"]
[PlyCount "32"]
[EventDate "2006.06.25"]
[EventType "swiss"]
[EventRounds "9"]
[EventCountry "ESP"]

1. e4 c5 2. Nf3 d6 3. d4 Nf6 4. Nc3 cxd4 5. Nxd4 Nc6 6. f3 e6 7. Be3 Be7 8. Qd2
O-O 9. O-O-O a6 10. g4 Nd7 11. h4 Nde5 12. Qg2 Qc7 13. g5 b5 14. f4 Nxd4 15.
Bxd4 Nc6 16. Be3 Bb7 1/2-1/2

[Event "Metz op"]
[Site "Metz FRA"]
[Date "2006.04.22"]
[Round "1"]
[White "Lockwood, William"]
[Black "Spraggett, Kevin"]
[Result "0-1"]
[WhiteElo "1948"]
[BlackElo "2578"]
[PlyCount "88"]
[EventDate "2006.04.22"]
[EventType "swiss"]
[EventRounds "9"]
[EventCountry "FRA"]
[Source "Mark Crowther"]
[SourceDate "2006.05.29"]

1. d4 Nf6 2. c4 e6 3. Nc3 Bb4 4. a3 Bxc3+ 5. bxc3 c5 6. e3 O-O 7. Bd3 d5 8. Ne2
b6 9. O-O Ba6 10. cxd5 exd5 11. f3 Re8 12. Ng3 Qd7 13. Bxa6 Nxa6 14. Qd3 Qb7
15. Ra2 Re6 16. Re2 Rae8 17. Rfe1 h5 18. Nh1 Nc7 19. Nf2 Qa6 20. Qxa6 Nxa6 21.
e4 dxe4 22. fxe4 Nd5 23. Bb2 cxd4 24. cxd4 f5 25. e5 Rc6 26. Rc1 Rxc1+ 27. Bxc1
Rc8 28. Bb2 Kf7 29. h4 Ke6 30. Nd3 Rc4 31. g3 Nac7 32. Kg2 Nb5 33. Nf4+ Nxf4+
34. gxf4 Nxd4 35. Rd2 Nb3 36. Rd6+ Ke7 37. Kg3 Rc2 38. Bd4 Rd2 39. Bc3 Rxd6 40.
exd6+ Kxd6 41. Bxg7 Kd5 42. Kf3 Nd4+ 43. Kf2 Ke4 44. a4 Ne6 0-1

[Event "Metz op"]
[Site "Metz FRA"]
[Date "2006.04.23"]
[Round "2"]
[White "Spraggett, Kevin"]
[Black "Nguyen Huu Hoang"]
[Result "1-0"]
[WhiteElo "2578"]
[BlackElo "2066"]
[PlyCount "57"]
[EventDate "2006.04.22"]
[EventType "swiss"]
[EventRounds "9"]
[EventCountry "FRA"]
[Source "Mark Crowther"]
[SourceDate "2006.05.29"]

1. e4 c6 2. d4 Qc7 3. Nc3 d6 4. a4 e5 5. g3 Nf6 6. Nge2 Be7 7. Bg2 O-O 8. h3
Nbd7 9. O-O Re8 10. f4 exd4 11. Nxd4 Nc5 12. g4 Bf8 13. Re1 Ne6 14. Nf5 g6 15.
Ng3 h6 16. Rf1 Bg7 17. Be3 b6 18. Qd2 Kh7 19. f5 Nc5 20. Bf4 Bf8 21. Rad1 Ba6
22. Rf2 Nb7 23. g5 hxg5 24. Bxg5 Ng8 25. fxg6+ fxg6 26. Bf1 Bxf1 27. Rdxf1 Bg7
28. Rf7 Qd8 29. R1f4 1-0

[Event "Metz op"]
[Site "Metz FRA"]
[Date "2006.04.28"]
[Round "7"]
[White "Brunner, Nicolas"]
[Black "Spraggett, Kevin"]
[Result "1/2-1/2"]
[WhiteElo "2407"]
[BlackElo "2578"]
[PlyCount "57"]
[EventDate "2006.04.22"]
[EventType "swiss"]
[EventRounds "9"]
[EventCountry "FRA"]
[Source "Mark Crowther"]
[SourceDate "2006.05.29"]

1. d4 Nf6 2. c4 e6 3. Nc3 Bb4 4. Qc2 c5 5. dxc5 O-O 6. a3 Bxc5 7. Nf3 b6 8. Bg5
Bb7 9. e3 h6 10. Bh4 Be7 11. Be2 a6 12. O-O d6 13. Rfd1 Nbd7 14. Bg3 Qc7 15.
Qd2 Ne8 16. Rac1 Rd8 17. b4 Qc6 18. Bf1 Qc8 19. Be2 Qa8 20. Qb2 Rc8 21. Qb3 Rc7
22. Qb1 Qc8 23. Nd2 Kh8 24. Na4 Nef6 25. f3 Rd8 26. Nb3 Rc6 27. Nd4 Rc7 28. Nb3
Rc6 29. Nd4 1/2-1/2

[Event "Metz op"]
[Site "Metz FRA"]
[Date "2006.04.29"]
[Round "8"]
[White "Spraggett, Kevin"]
[Black "Meijers, Viesturs"]
[Result "1-0"]
[WhiteElo "2578"]
[BlackElo "2482"]
[PlyCount "79"]
[EventDate "2006.04.22"]
[EventType "swiss"]
[EventRounds "9"]
[EventCountry "FRA"]
[Source "Mark Crowther"]
[SourceDate "2006.05.29"]

1. Nf3 f5 2. d4 Nf6 3. g3 g6 4. c4 Bg7 5. b4 c6 6. a4 d6 7. Bb2 Ne4 8. Qb3 Nd7
9. Bg2 Ndf6 10. O-O Be6 11. Na3 a6 12. Qc2 O-O 13. Ne1 b5 14. Nd3 Rc8 15. e3 c5
16. bxc5 dxc5 17. axb5 axb5 18. f3 b4 19. Nb1 cxd4 20. fxe4 fxe4 21. Ne5 dxe3
22. Ra6 Bxc4 23. Nxc4 Qd5 24. Rc1 Bh6 25. Qe2 Qd3 26. Bf1 Rfd8 27. Ne5 Rxc1 28.
Bxc1 Qxb1 29. Qc4+ Nd5 30. Nc6 e2 31. Bxe2 Rf8 32. Qxd5+ Kh8 33. Qd4+ Bg7 34.
Qe3 b3 35. Kg2 b2 36. Bxb2 Qxb2 37. Rb6 Qc2 38. Nxe7 Rd8 39. Nc6 Rc8 40. Kh3
1-0

[Event "Las Palmas op"]
[Site "Las Palmas ESP"]
[Date "2005.11.26"]
[Round "1.1"]
[White "Rodriguez Perez, Jose Manuel"]
[Black "Spraggett, Kevin"]
[Result "0-1"]
[WhiteElo "2062"]
[BlackElo "2585"]
[PlyCount "86"]
[EventDate "2005.11.25"]
[EventType "swiss"]
[EventRounds "9"]
[EventCountry "ESP"]

1. g3 g6 2. Bg2 Bg7 3. d4 d6 4. Nf3 f5 5. O-O Nf6 6. c4 O-O 7. Nc3 c6 8. Qc2
Nh5 9. e3 e5 10. dxe5 dxe5 11. Rd1 Qe7 12. Bd2 Nd7 13. a3 e4 14. Nd4 Ne5 15.
Nce2 Nf6 16. Qb3 c5 17. f4 exf3 18. Nxf3 Nf7 19. Nc3 Nd6 20. e4 Ndxe4 21. Bf4
Nxc3 22. bxc3 Ne4 23. Re1 b6 24. Ng5 Bb7 25. Rad1 Rad8 26. g4 Rxd1 27. Qxd1
Bxc3 28. Nxe4 fxe4 29. Bd6 Qh4 30. Bg3 Qf6 31. Rxe4 Bxe4 32. Bxe4 Qd4+ 33. Qxd4
Bxd4+ 34. Kg2 Re8 35. Bd5+ Kg7 36. Bc6 Re2+ 37. Kh3 Re3 38. a4 Be5 39. Kg2 Bxg3
40. hxg3 Rc3 41. Bb5 Kf6 42. Kh3 Rc2 43. Ba6 g5 0-1

[Event "Las Palmas op"]
[Site "Las Palmas ESP"]
[Date "2005.11.27"]
[Round "2.1"]
[White "Spraggett, Kevin"]
[Black "Rodriguez Lopez, Rafael"]
[Result "1-0"]
[WhiteElo "2585"]
[BlackElo "2246"]
[PlyCount "51"]
[EventDate "2005.11.25"]
[EventType "swiss"]
[EventRounds "9"]
[EventCountry "ESP"]

1. e4 e5 2. Nf3 Nc6 3. Bb5 a6 4. Ba4 Nf6 5. O-O b5 6. Bb3 Bc5 7. a4 Bb7 8. d3
d6 9. Nc3 Na5 10. Ba2 b4 11. Ne2 h6 12. Ng3 O-O 13. Be3 Bxe3 14. fxe3 c5 15.
Nd2 Bc8 16. Nf5 Kh7 17. Qf3 Ng8 18. Qg3 g6 19. Nh4 g5 20. Bxf7 Ne7 21. Nhf3
Rxf7 22. Nxg5+ hxg5 23. Rxf7+ Kh6 24. Raf1 Ng6 25. R1f6 Kh5 26. Rh7# 1-0

[Event "Las Palmas op"]
[Site "Las Palmas ESP"]
[Date "2005.11.27"]
[Round "3.1"]
[White "Zambrana, Oswaldo"]
[Black "Spraggett, Kevin"]
[Result "1/2-1/2"]
[WhiteElo "2409"]
[BlackElo "2585"]
[PlyCount "64"]
[EventDate "2005.11.25"]
[EventType "swiss"]
[EventRounds "9"]
[EventCountry "ESP"]

1. e4 c5 2. Nf3 e6 3. d4 cxd4 4. Nxd4 a6 5. c4 Nf6 6. Nc3 Bb4 7. Bd3 Bxc3+ 8.
bxc3 d6 9. O-O e5 10. Nc2 Nbd7 11. Ba3 Qc7 12. Ne3 Nc5 13. f4 exf4 14. Nd5 Nxd5
15. exd5 O-O 16. Rxf4 Bd7 17. Bc2 Rae8 18. Bc1 f5 19. Rf3 Rf7 20. Be3 b5 21.
cxb5 Bxb5 22. Bd4 Be2 23. Qe1 Bxf3 24. Qxe8+ Rf8 25. Qc6 Qxc6 26. dxc6 Bxc6 27.
Rb1 Bb5 28. a4 Bxa4 29. Bxa4 Nxa4 30. Rb7 Rf7 31. Rb8+ Rf8 32. Rb7 Rf7 1/2-1/2

[Event "Las Palmas op"]
[Site "Las Palmas ESP"]
[Date "2005.11.27"]
[Round "4.4"]
[White "Spraggett, Kevin"]
[Black "Sanz Alonso, Francisco Javier"]
[Result "1-0"]
[WhiteElo "2585"]
[BlackElo "2385"]
[PlyCount "103"]
[EventDate "2005.11.25"]
[EventType "swiss"]
[EventRounds "9"]
[EventCountry "ESP"]

1. e4 e5 2. Nf3 Nc6 3. Bb5 a6 4. Ba4 Nf6 5. O-O Be7 6. Re1 b5 7. Bb3 O-O 8. a4
Bb7 9. d3 d6 10. Nbd2 Qd7 11. Nf1 Rfe8 12. Ng3 h6 13. c3 Bf8 14. d4 Na5 15. Bc2
c5 16. d5 Nc4 17. h3 Nb6 18. b3 Qc7 19. Be3 Bc8 20. a5 Nbd7 21. Qd2 Kh7 22. b4
g6 23. Rac1 c4 24. Nh2 Bg7 25. Rf1 Qd8 26. f4 exf4 27. Rxf4 Qe7 28. Rcf1 Rf8
29. Nf3 Ng8 30. Nd4 Ne5 31. R4f2 Bd7 32. Bf4 Ra7 33. Nge2 Rc7 34. Nf3 Nxf3+ 35.
Rxf3 f6 36. Bg3 Be8 37. Nd4 Bf7 38. Kh1 h5 39. Qf2 Bh6 40. Bh2 Bg7 41. Qg3 Rd7
42. Nc6 Qe8 43. Qf2 Nh6 44. Rxf6 Bxf6 45. Qxf6 Bxd5 46. Qxf8 Qxf8 47. Rxf8 Bxc6
48. Rf6 Rf7 49. Rxd6 Rf2 50. Rxc6 Rxc2 51. Be5 Nf7 52. Bf6 1-0

[Event "Las Palmas op"]
[Site "Las Palmas ESP"]
[Date "2005.11.30"]
[Round "6.1"]
[White "Spraggett, Kevin"]
[Black "Peralta, Fernando"]
[Result "1/2-1/2"]
[WhiteElo "2585"]
[BlackElo "2535"]
[PlyCount "97"]
[EventDate "2005.11.25"]
[EventType "swiss"]
[EventRounds "9"]
[EventCountry "ESP"]

1. e4 d6 2. d4 Nf6 3. Nc3 g6 4. Be3 c6 5. h3 Bg7 6. Nf3 O-O 7. Bd3 Nbd7 8. O-O
e5 9. a4 b6 10. Re1 a6 11. dxe5 dxe5 12. Nd2 Qc7 13. Bf1 Bb7 14. Nc4 Rfd8 15.
Qd6 Qc8 16. Bg5 b5 17. Na5 h6 18. Bxf6 Nxf6 19. Qxe5 Nd7 20. Qf4 g5 21. Qf5 Ne5
22. Nxb7 Qxb7 23. Rad1 Rd7 24. h4 Rxd1 25. Rxd1 Qe7 26. hxg5 hxg5 27. axb5 axb5
28. Ne2 Qf6 29. Ng3 Qxf5 30. Nxf5 Ra2 31. Rb1 Bf6 32. Be2 Nd7 33. Bh5 Rxb2 34.
Rxb2 Bxb2 35. Ne7+ Kg7 36. Nxc6 Nf6 37. Be2 Nxe4 38. Bxb5 Nc3 39. Bd3 Ba3 40.
Kf1 Kf6 41. g3 Bc5 42. Na5 Ke5 43. Nb3 Ba7 44. f3 f5 45. Ke1 Na4 46. Na5 Bg1
47. c4 Bb6 48. Nb3 Nc5 49. Nxc5 1/2-1/2

[Event "Las Palmas op"]
[Site "Las Palmas ESP"]
[Date "2005.11.30"]
[Round "7.4"]
[White "Ortega Hermida, Daniel"]
[Black "Spraggett, Kevin"]
[Result "0-1"]
[WhiteElo "2396"]
[BlackElo "2585"]
[PlyCount "108"]
[EventDate "2005.11.25"]
[EventType "swiss"]
[EventRounds "9"]
[EventCountry "ESP"]

1. d4 Nf6 2. c4 d6 3. Nc3 Nbd7 4. e4 e5 5. Nf3 Be7 6. Be2 c6 7. O-O O-O 8. Qc2
Re8 9. d5 a6 10. Be3 c5 11. a4 a5 12. Ne1 Rf8 13. Nd3 Ne8 14. Qd2 Bf6 15. Rae1
Nc7 16. b3 Qe7 17. Nb5 Nxb5 18. cxb5 g6 19. Nb2 Nb6 20. Nc4 Nxc4 21. bxc4 Bd7
22. Bd3 b6 23. f3 Bg7 24. Kf2 f5 25. Ke2 h5 26. Kd1 f4 27. Bf2 g5 28. Kc2 Rf6
29. Rg1 Rg6 30. g3 Qf6 31. Kb3 Rf8 32. gxf4 exf4 33. e5 dxe5 34. Rxe5 Qxe5 35.
Bxg6 g4 36. Re1 Qg5 37. Be4 Rf6 38. Re2 Rd6 39. Bg3 Bh6 40. Bf2 Qf6 41. Qe1 Kf8
42. Qb1 Bg7 43. Qe1 Qa1 44. Qd2 Qf6 45. Qe1 Bh6 46. Bb1 gxf3 47. Re4 Kf7 48.
Bh4 Bg5 49. Bxg5 Qxg5 50. Re5 f2 51. Qe4 Qg6 52. Re7+ Kf8 53. Qxf4+ Qf6 54.
Rf7+ Kxf7 0-1

[Event "Las Palmas op"]
[Site "Las Palmas ESP"]
[Date "2005.12.02"]
[Round "9.1"]
[White "Spraggett, Kevin"]
[Black "Kurajica, Bojan"]
[Result "1/2-1/2"]
[WhiteElo "2585"]
[BlackElo "2532"]
[PlyCount "43"]
[EventDate "2005.11.25"]
[EventType "swiss"]
[EventRounds "9"]
[EventCountry "ESP"]

1. e4 d5 2. exd5 Qxd5 3. Nf3 Qa5 4. b3 Bg4 5. Bb2 e6 6. Be2 Nf6 7. Ne5 Bxe2 8.
Qxe2 Nbd7 9. f4 Bc5 10. a3 Qb6 11. d4 Be7 12. Nd2 O-O 13. Ndc4 Qa6 14. O-O Rad8
15. a4 Nb6 16. f5 Nxc4 17. Nxc4 Nd5 18. fxe6 Qxe6 19. Qxe6 fxe6 20. Rxf8+ Bxf8
21. Na5 Rb8 22. Kf2 1/2-1/2

[Event "FRA-Tch2B 2005-06"]
[Site "FRA"]
[Date "2006.03.11"]
[Round "8.1"]
[White "Mullon, Jean Baptiste"]
[Black "Spraggett, Kevin"]
[Result "1-0"]
[WhiteElo "2363"]
[BlackElo "2581"]
[PlyCount "95"]
[EventDate "2005.10.27"]
[EventType "team"]
[EventRounds "11"]
[EventCountry "FRA"]
[Source "ChessBase"]
[SourceDate "2005.11.24"]
[WhiteTeam "Clichy II"]
[BlackTeam "Gif/yvette"]
[WhiteTeamCountry "FRA"]
[BlackTeamCountry "FRA"]

1. e4 c5 2. Nf3 e6 3. d4 cxd4 4. Nxd4 Nf6 5. Nc3 d6 6. g4 h6 7. Rg1 Nc6 8. Be3
a6 9. h4 h5 10. gxh5 Nxh5 11. Bg5 Qb6 12. Nb3 Bd7 13. Be2 Nf6 14. h5 Qc7 15. h6
Ng8 16. hxg7 Bxg7 17. Qd2 Rc8 18. Bf4 Be5 19. O-O-O Nce7 20. Bxe5 dxe5 21. Nc5
Rd8 22. Qe3 Ng6 23. Rxg6 fxg6 24. Nd3 Bc8 25. Qg5 Qf7 26. Kb1 Qf6 27. Qg3 Nh6
28. Rg1 Nf7 29. f4 exf4 30. Nxf4 Ne5 31. Nd3 Nxd3 32. Bxd3 e5 33. Nd5 Qd6 34.
Qg5 Rf8 35. Qh6 Be6 36. Rxg6 Kd7 37. b3 Rf7 38. a4 Rdf8 39. Kb2 Rf2 40. a5 R8f7
41. Bc4 Qc5 42. Nb6+ Kc7 43. Rxe6 Qd4+ 44. Ka3 Qc5+ 45. b4 R7f3+ 46. Ka4 Qf8
47. Qxf8 Rxf8 48. Re7+ 1-0

[Event "FRA-Tch2B 2005-06"]
[Site "FRA"]
[Date "2006.03.12"]
[Round "9.1"]
[White "Dearing, Eddie"]
[Black "Spraggett, Kevin"]
[Result "1/2-1/2"]
[WhiteElo "2416"]
[BlackElo "2581"]
[PlyCount "43"]
[EventDate "2005.10.27"]
[EventType "team"]
[EventRounds "11"]
[EventCountry "FRA"]
[Source "ChessBase"]
[SourceDate "2005.11.24"]
[WhiteTeam "Rueil Malmaison"]
[BlackTeam "Gif/yvette"]
[WhiteTeamCountry "FRA"]
[BlackTeamCountry "FRA"]

1. d4 Nf6 2. c4 e6 3. Nc3 d5 4. cxd5 exd5 5. Bg5 c6 6. e3 Nbd7 7. Bd3 Be7 8.
Qc2 Nf8 9. Nf3 Ne6 10. Bh4 g6 11. O-O O-O 12. Rab1 Nh5 13. Bxe7 Qxe7 14. b4 Rd8
15. Rfc1 a6 16. Na4 Nhg7 17. Nc5 Ng5 18. Nxg5 Qxg5 19. Qe2 Re8 20. Qf3 Qe7 21.
a4 Bf5 22. Bxf5 1/2-1/2

[Event "Narciso Yepes mem"]
[Site "Lorca ESP"]
[Date "2005.??.??"]
[Round "?"]
[White "Khamrakulov, Ibragim"]
[Black "Spraggett, Kevin"]
[Result "1/2-1/2"]
[WhiteElo "2515"]
[BlackElo "2592"]
[PlyCount "40"]
[EventDate "2005.07.01"]
[EventType "swiss"]
[EventRounds "9"]
[EventCountry "ESP"]
[Source "ChessBase"]
[SourceDate "2005.01.01"]

1. e4 c5 2. c3 e6 3. Nf3 d5 4. exd5 exd5 5. Bb5+ Bd7 6. Qe2+ Qe7 7. O-O Qxe2 8.
Bxe2 Nc6 9. d4 cxd4 10. Nxd4 Nxd4 11. cxd4 Bd6 12. Nc3 Ne7 13. Bf3 Bc6 14. Bg5
f6 15. Bh4 Nf5 16. Bg3 Bxg3 17. hxg3 Nxd4 18. Rae1+ Kf7 19. Bxd5+ Bxd5 20. Nxd5
Rhd8 1/2-1/2

[Event "Narciso Yepes mem"]
[Site "Lorca ESP"]
[Date "2005.??.??"]
[Round "?"]
[White "Spraggett, Kevin"]
[Black "Ivanisevic, Ivan"]
[Result "1/2-1/2"]
[WhiteElo "2592"]
[BlackElo "2577"]
[PlyCount "23"]
[EventDate "2005.07.01"]
[EventType "swiss"]
[EventRounds "9"]
[EventCountry "ESP"]
[Source "ChessBase"]
[SourceDate "2005.01.01"]

1. Nf3 d5 2. b3 Bg4 3. e3 Nf6 4. Bb2 Nbd7 5. h3 Bxf3 6. Qxf3 e6 7. g4 Bd6 8. g5
Ne4 9. h4 Be5 10. d4 Bd6 11. Bd3 f5 12. Qg2 1/2-1/2

[Event "Narciso Yepes mem"]
[Site "Lorca ESP"]
[Date "2005.??.??"]
[Round "?"]
[White "Spraggett, Kevin"]
[Black "Vazquez, Renier"]
[Result "0-1"]
[WhiteElo "2592"]
[BlackElo "2496"]
[PlyCount "90"]
[EventDate "2005.07.01"]
[EventType "swiss"]
[EventRounds "9"]
[EventCountry "ESP"]
[Source "ChessBase"]
[SourceDate "2005.01.01"]

1. e4 c5 2. Nf3 d6 3. d4 cxd4 4. Nxd4 Nf6 5. Nc3 a6 6. Bg5 e6 7. f4 Nbd7 8. Bc4
b5 9. Bxe6 fxe6 10. Nxe6 Qa5 11. O-O Kf7 12. Nxf8 Rxf8 13. Qxd6 Qb6+ 14. Qxb6
Nxb6 15. Rae1 b4 16. Nd1 Bb7 17. Nf2 Rac8 18. e5 Rxc2 19. exf6 gxf6 20. Bh4 Rg8
21. Bg3 Rxb2 22. Rb1 Rxb1 23. Rxb1 a5 24. Rc1 Rc8 25. Nd3 Be4 26. Rxc8 Nxc8 27.
Nc1 Ne7 28. Be1 Nd5 29. g3 a4 30. Kf1 Bb1 31. Ke2 a3 32. Bf2 Bxa2 33. Nxa2 b3
34. Kd2 bxa2 35. Bd4 Ke6 36. Kc2 Kf5 37. Kb3 Ke4 38. Ba1 f5 39. Kxa2 Ne3 40.
Bf6 Ng4 41. Bh4 Nxh2 42. Kxa3 Kf3 43. Kb4 Nf1 44. Kc5 Nxg3 45. Kd6 Kg4 0-1

[Event "Salou op"]
[Site "Salou ESP"]
[Date "2005.05.20"]
[Round "1"]
[White "Spraggett, Kevin"]
[Black "Peric, Slavisa"]
[Result "1/2-1/2"]
[WhiteElo "2585"]
[BlackElo "2248"]
[PlyCount "136"]
[EventDate "2005.05.20"]
[EventType "swiss"]
[EventRounds "9"]
[EventCountry "ESP"]
[Source "Mark Crowther"]
[SourceDate "2005.07.04"]

1. e4 e6 2. d4 d5 3. Nc3 dxe4 4. Nxe4 Nd7 5. Nf3 Ngf6 6. Bd3 c5 7. O-O Nxe4 8.
Bxe4 cxd4 9. Nxd4 Nf6 10. Bf3 Bc5 11. c3 O-O 12. Bg5 Be7 13. Re1 Nd5 14. Bxe7
Nxe7 15. Qe2 a6 16. Rad1 Qc7 17. g3 Rb8 18. Rd2 Bd7 19. Bg2 Rfd8 20. f4 Nc6 21.
Nf3 Be8 22. Red1 Rxd2 23. Rxd2 Rd8 24. b4 Qb6+ 25. Qf2 Qxf2+ 26. Kxf2 Rxd2+ 27.
Nxd2 Kf8 28. Nb3 b6 29. Bf1 Nb8 30. c4 Ba4 31. Nd4 Nc6 32. Nxc6 Bxc6 33. Ke3
Ke7 34. Kd4 f6 35. c5 b5 36. Bd3 h6 37. h4 Kd7 38. a3 Kc7 39. g4 Bf3 40. g5 Bc6
41. gxh6 gxh6 42. Be2 Kd7 43. Bd1 Ke7 44. Bb3 Kd7 45. Ke3 Ke7 46. Kf2 Be4 47.
a4 Kd7 48. axb5 axb5 49. Kg3 Bg6 50. Bd1 Bf7 51. Be2 Kc6 52. Bf1 Be8 53. Bg2+
Kc7 54. Bh3 Bf7 55. Bg4 Kc6 56. Bf3+ Kc7 57. Bg2 Kd7 58. Be4 Kc7 59. Bc2 Kd7
60. Bb1 Bh5 61. Ba2 Bg6 62. Kg4 Be8 63. Bb3 Bf7 64. Kf3 Bh5+ 65. Ke4 Bg6+ 66.
Kd4 Bf7 67. Bc2 Kc7 68. Be4 Be8 1/2-1/2

[Event "Salou op"]
[Site "Salou ESP"]
[Date "2005.05.24"]
[Round "5"]
[White "Spraggett, Kevin"]
[Black "Kononenko, Tatiana"]
[Result "1-0"]
[WhiteElo "2585"]
[BlackElo "2416"]
[PlyCount "81"]
[EventDate "2005.05.20"]
[EventType "swiss"]
[EventRounds "9"]
[EventCountry "ESP"]
[Source "Mark Crowther"]
[SourceDate "2005.07.04"]

1. e4 c6 2. d4 d5 3. e5 Bf5 4. Be3 e6 5. Nd2 Nd7 6. Be2 f6 7. Ngf3 fxe5 8. Nxe5
Nxe5 9. dxe5 Ne7 10. Nb3 Bg6 11. f4 Nf5 12. Bf2 Be7 13. O-O O-O 14. c4 Rf7 15.
cxd5 cxd5 16. Rc1 Bf8 17. Qd2 a5 18. g4 Bb4 19. Qd1 Nh6 20. Nd4 Qe7 21. a3 Bc5
22. Rxc5 Qxc5 23. f5 exf5 24. gxf5 Qe7 25. fxg6 Qg5+ 26. Kh1 Qxg6 27. Bf3 Kh8
28. Rg1 Qb6 29. e6 Rf6 30. Qd2 Raf8 31. Bh4 Rxf3 32. e7 R3f7 33. exf8=R+ Rxf8
34. Bg5 Nf5 35. Nxf5 Rxf5 36. Be3 Qe6 37. Qg2 Rf7 38. Bd4 Qe4 39. Qxe4 dxe4 40.
Rg5 a4 41. Re5 1-0

[Event "Salou op"]
[Site "Salou ESP"]
[Date "2005.05.26"]
[Round "7"]
[White "Spraggett, Kevin"]
[Black "Manik, Mikulas"]
[Result "0-1"]
[WhiteElo "2585"]
[BlackElo "2495"]
[PlyCount "74"]
[EventDate "2005.05.20"]
[EventType "swiss"]
[EventRounds "9"]
[EventCountry "ESP"]
[Source "Mark Crowther"]
[SourceDate "2005.07.04"]

1. e4 c5 2. Nf3 e6 3. d4 cxd4 4. Nxd4 a6 5. c4 Nf6 6. Nc3 Qc7 7. a3 b6 8. Be3
Bb7 9. f3 Be7 10. Rc1 d6 11. Be2 O-O 12. O-O Nbd7 13. b4 Rac8 14. Kh1 Rfe8 15.
Qd2 Qb8 16. Bg1 Bd8 17. Rc2 h5 18. Bf2 g6 19. Rb1 Be7 20. h3 Kg7 21. Qc1 Qa8
22. Na4 Rc7 23. Rbb2 Rh8 24. Bf1 h4 25. Nb3 Rc6 26. c5 dxc5 27. bxc5 bxc5 28.
Na5 Rc7 29. Nxc5 Nxc5 30. Bxc5 Bxc5 31. Rxc5 Rxc5 32. Qxc5 Rc8 33. Qg5 Bc6 34.
Qxh4 Bb5 35. e5 Nh5 36. Nc4 Qd5 37. Rd2 Rxc4 0-1

[Event "Salou op"]
[Site "Salou ESP"]
[Date "2005.05.28"]
[Round "9"]
[White "Spraggett, Kevin"]
[Black "Karpatchev, Aleksandr"]
[Result "1/2-1/2"]
[WhiteElo "2585"]
[BlackElo "2472"]
[PlyCount "78"]
[EventDate "2005.05.20"]
[EventType "swiss"]
[EventRounds "9"]
[EventCountry "ESP"]
[Source "Mark Crowther"]
[SourceDate "2005.07.04"]

1. e4 e5 2. Nf3 Nc6 3. Bb5 f5 4. Bxc6 dxc6 5. Nc3 Nf6 6. Qe2 fxe4 7. Nxe4 Bg4
8. h3 Bh5 9. d3 Bb4+ 10. c3 Be7 11. g4 Bg6 12. Nxe5 Qd5 13. Nxg6 hxg6 14. Nxf6+
gxf6 15. Qe4 Qf7 16. Qc4 f5 17. Qxf7+ Kxf7 18. gxf5 gxf5 19. Bf4 Bd6 20. Bxd6
cxd6 21. Kf1 Rh4 22. Re1 Rah8 23. Re3 f4 24. Rf3 Re8 25. d4 Kf6 26. Rg1 d5 27.
a4 a5 28. Rgg3 Rb8 29. Ke2 b5 30. b3 bxa4 31. bxa4 Rb2+ 32. Kd3 Ra2 33. Rg8
Rxa4 34. Ra8 Ke6 35. Rf8 Ra2 36. R8xf4 Rxf4 37. Rxf4 a4 38. Rf8 a3 39. Ra8 Rxf2
1/2-1/2

[Event "Metz op"]
[Site "Metz FRA"]
[Date "2005.04.16"]
[Round "1"]
[White "Vignale, Stephane"]
[Black "Spraggett, Kevin"]
[Result "0-1"]
[WhiteElo "1973"]
[BlackElo "2585"]
[PlyCount "66"]
[EventDate "2005.04.16"]
[EventType "swiss"]
[EventRounds "9"]
[EventCountry "FRA"]
[Source "Mark Crowther"]
[SourceDate "2005.05.02"]

1. d4 Nf6 2. c4 e6 3. Nc3 Bb4 4. Bg5 h6 5. Bh4 c5 6. e3 Bxc3+ 7. bxc3 d6 8. Bd3
e5 9. Qf3 g5 10. Bg3 e4 11. Bxe4 Bg4 12. Qxf6 Qxf6 13. Bxb7 Nd7 14. Bxa8 Nb6
15. Bc6+ Bd7 16. Bxd7+ Kxd7 17. Ne2 Nxc4 18. O-O Qg6 19. dxc5 dxc5 20. Rab1 Kc6
21. Rfd1 Rd8 22. Rbc1 Rxd1+ 23. Rxd1 Qc2 24. Re1 Qxa2 25. h4 a5 26. hxg5 hxg5
27. f4 g4 28. e4 a4 29. e5 Ne3 30. Bf2 Nf5 31. Ng3 Nxg3 32. Bxg3 Qc2 33. Ra1
Qxc3 0-1